000 00967nam a2200229Ia 4500
003 OSt
005 20250219134428.0
007 ca aa aaaaa
008 201103s9999 xx 000 0 und d
040 _cSSBUL
041 _abur
082 _223
_a၂၉၄.၃၄၂ ကုဏ်
_b ၉၂၆၁ S-SAT
100 0 _aကုဏ္ဍလာဘိဝံသ၊ အရှင်
245 1 0 _aဒါနနှင့်ဝိပဿနာသိကောင်းစရာသုတ္တန်တရားတော်များ ၊
_cအရှင်ကုဏ္ဍလာဘိဝံသ ။
260 _aရန်ကုန် ၊
_bသဒ္ဓမ္မရံသီစာပေ ၊
_c၁၉၉၇ ။
300 _aဇ၊ ၁၄၄ စာမျက်နှာ ၊
_c၁၈ စင်တီ ။
500 _aS-SAT: Dr. Sai Aung Tun
650 _aဗုဒ္ဓတရားတော်
650 _aဒါန
_98991
650 _aဝိပဿနာ
942 _cBK
_2ddc
999 _c16770
_d16770